Statistiques concernant KPOP parole 3 et 4ème gen.

Cliquez ici pour prendre le quiz!

Statistiques générales

  • Ce quiz a été pris 829 fois
  • Le résultat moyen est 14 sur 26

Statistiques - réponses

HintRéponse% Correct
Why you think about nxde ?Nxde /Gidle
93%
우리는 drop it like hot, hot, hot (oh, 지금 feelin' so hot)
이 노래 burnin' like hot, hot, hot, hot (boom-brr-boom-boom)
Hot /Seventeen
82%
Follow me come and get illusionIllusion /aespa
82%
ASAPAsap /Stayc
81%
Hey, why so serious ?Cheshire /Itzy
79%
Tell me what you want, tell me what you needTalk that talk /Twice
79%
ABCEFG i wanna send my code to you. Eight letters is all it takes.Case 143 /Stray kids
77%
We can touch utopia
We can reach there, utopia
Utopia /Ateez
74%
Narcissistic, my god, I love it.Love dive /Ive
73%
Feel like Cinderella 내가 변해 (hey)Cat and dog /TXT
69%
Money money money ahBlood sweat and tears /BTS
65%
Uh, I'ma fall in love, baby
You gon' finna catch me
As if it's your last /Blackpink
59%
Walk the line, I hate that line.Pass the mic /Enhypen
56%
Girl, I'm your candy (Candy, candy)
기가 막힌 chemistry (Candy, candy)
Candy /Baekhyun
52%
Save my home in the jungle
Save my home in the polar
Maison /Dreamcatcher
45%
You know that I come first
I'm the winner, winner, winner
First /Everglow
44%
Just shoot me, shoot meShoot me /Day6
44%
Excuse me, im walkin' like zombie uhShoot out /Monsta x
37%
I don't even care 여긴 우릴 태울 stage
Left to the right
We gon' make it, make it bang
Jopping /SuperM
31%
Eh welcome to my world let's do this
이슈제조기라 불러 I'm so ill
Hard carry /Got7
28%
Welcome to the strange world, wow (wow)
호기심은 커져가 (four, three, two, one)
Do you understand? (헷갈려)
Gingamingayo /Billlie
27%
Undercover 해 네 맘에
Yes 넌 흠칫흠칫 okay
Don't say no, oh my, my
Under cover /Ace
27%
I need to love myself, all I need is your heart
Oh me, oh my, ayy, oh (get on my back)
Dingga /Mamamoo
24%
Boy, you got me goin' down the rabbit hole
Got me foamin' at the mouth like a rabid dog
Wonderland /Alexa
15%
Everyday everyday 전부 널 위해 (hey)
All day all day 난 널 생각해 (hey)
Everyday everyday 전부 널 위해
A song written easily /Oneus
14%
I hate you, I don't need you, I'll forget you
너 따위 없어도 돼 I'm good
I hate you, I don't need you, I'll forget you
I hate you /Woodz
10%

Distribution des résultats

Percentile par nombre de réponses

% des personnes avec chaque résultat

Votre développement - résultats

Vous n’avez pas pris ce quiz